Score 0/21 Timer 03:00
1 Play Today
Hint 4-letter word % Correct
What a mask coversFACE
99.8%
The 'C' of T.L.C.CARE
95.6%
Tree skinBARK
95.4%
Taxi or ferry chargeFARE
95.1%
Library unitBOOK
91.5%
_____! Up in the sky!LOOK
91%
Hair parasitesLICE
90.1%
Tongue motionLICK
89%
Zuckerberg's first nameMARK
87.3%
Four balls, in baseballWALK
83.8%
Match a betCALL
83.6%
Hint 4-letter word % Correct
Section of a canalLOCK
82.1%
Astrophysicist SaganCARL
81.4%
Pitcher's illegal motionBALK
80.6%
Berlin _____WALL
77%
Mindy's partner of '70s TVMORK
73.7%
Source of a bead?PORE
73.6%
Jimmy Dean productPORK
71.8%
Post reactionLIKE
68.8%
Popular action on social mediaPOKE
62.4%
Captain Kirk's predecessorPIKE
57.3%

Today's Daily Dose

Missing Word
'T' Pairs

Word Ladder
Game Pieces

Get the Picture
Baseball Movies

Remove Ads.
Support Sporcle.
Get the best of Sporcle when you Go Orange. This ad-free experience offers more features, more stats, and more fun while also helping to support Sporcle. Thank you for becoming a member.

You're not logged in!

Compare scores with friends on all Sporcle quizzes.
OR
Log In

Show Comments

Extras

Top Quizzes Today


Score Distribution

Your Account Isn't Verified!

In order to create a playlist on Sporcle, you need to verify the email address you used during registration. Go to your Sporcle Settings to finish the process.

Report this User

Report this user for behavior that violates our Community Guidelines.

Details: